000 01155nam0a22003131 4500
001 v19\rc\1542715
005 20250618201136.0
035 _a(NLR Aleph) 004689863
090 _a3920048
_c3920048
100 _a20060620d1877 |||y0rusy50 ca
101 1 _arus
_ceng
102 _aRU
105 _aa z |||||
200 1 _aСовременная магия
_eПракт. рук. к изуч. фокус. искусства
_eПер. с англ.
_fСоч. проф. Гоффмана [псевд.]
_g[Предисл.: Юл. Симашко]
210 _aСанкт-Петербург
_cред. журн. "Семья и шк."
_d1877
215 _aXXII, 539 с.
_cил.
_d19
300 _aРождественская книжка журн. "Семья и школа" за 1876 г.
700 1 _9z01790
_aГофман
702 1 _aСимашко
_bЮл.
_4080
790 1 _9z01700
_aГоффман
801 0 _aRU
_bNLR
_gpsbo
801 0 _aRU
_bRuMoRGB
_2psbo
801 1 _aRU
_bProSoft-M
_2rusmarc
852 _aNLR
_j37.21.8.44
852 _aNLR
_bМф
_jК1/14089
899 _aRuMoRGB
_jR 443/130
899 _aRuMoRGB
_jR 459/115
942 _cBOOK
980 _aNB